KOHA-Header-6

Communication Skills (Record no. 12649)

000 -LEADER
fixed length control field 00249nam a22001097a 4500
020 ## - INTERNATIONAL STANDARD BOOK NUMBER
ISBN 9780199475087
082 ## - DEWEY DECIMAL CLASSIFICATION NUMBER
Classification number T158.5
100 ## - MAIN ENTRY--AUTHOR NAME
Personal name Meenakshi Raman
245 ## - TITLE STATEMENT
Title Communication Skills
260 ## - PUBLICATION, DISTRIBUTION, ETC. (IMPRINT)
Place of publication India
Name of publisher Oxford University Press
Year of publication 2017
942 ## - ADDED ENTRY ELEMENTS (KOHA)
Koha item type Books
Holdings
Withdrawn status Lost status Collection code Permanent Location Current Location Shelving location Date acquired Full call number Accession Number Koha item type
    English Literature MAJU MAJU Shelf No.A14 2020-11-02 T158.5 9821 English Literature

Powered by Koha